Les Luthiers - Todas los Espectáculos - Estadísticas

Estadísticas generales
  • Esta prueba ha sido intentada 10 veces
  • La puntuación promedio es 20 de 36
Estadísticas de respuestas
Año Espectáculo % Correcto
2011 ¡Chist!
100%
1979 Muchas Gracias de Nada
100%
2008 Lutherapia
86%
1977 Mastropiero Que Nunca
86%
1996 Bromato de Armonio
71%
2017 Gran Reserva
71%
2005 Los Premios Mastropiero
71%
1972 Recital 72
71%
1973 Recital 73
71%
1974 Recital 74
71%
1975 Recital 75
71%
1999 Todo Por Que Rías
71%
2005 Aquí Les Luthiers!
57%
1969 Blancanieves y los 7 Pecados Capitales
57%
1992 Grandes Hitos
57%
1985 Humor Dulce Hogar
57%
2002 Las Obras de Ayer
57%
2022 Más Tropiezos de Mastropiero
57%
1972 Recital Sinfónico
57%
1994 Unen Canto con Humor
57%
1976 Viejos Fracasos
57%
2014 Viejos Hazmerreíres
57%
2000 Do Re Mi Já!
43%
2001 El Grosso Concerto
43%
1967 Les Luthiers Cuentan la Opera
43%
1981 Luthierías
43%
1971 Opus Pi
43%
1986 Recital Sinfónico 86
43%
1989 El Reir de los Cantares
29%
1983 Por Humor al Arte
29%
1969 Querida Condesa
29%
1968 Todos Somos Mala Gente
29%
1987 Viegésimo Aniversario
29%
1968 Angelito el Secuestrado
14%
1980 Los Clasicos de Les Luthiers
14%
2007 Luthiers 40 años
14%
No se encontraron pruebas coincidentes
Distribución de puntuación
Porcentaje de gente con cada puntuación
Porcentaje por número respondido
Historial de tus puntuaciones
No has intentado esta prueba.